000 00309nam a2200109Ia 4500
008 220204s9999 xx 000 0 und d
082 _a62(03)
_bLOD
100 _aLodewijk, T
245 0 _aWay things work: An illustrated encyclopedia of technology
260 _aNew York
_bSimon and Schuster
_c1973
942 _cBK
999 _c27675
_d27675